[Event "10th Mayors Cup Open 2017"]
[Site "Mumbai IND"]
[Date "2017.06.08"]
[Round "7.31"]
[White "Pranav,Anand"]
[Black "Nandhidhaa,P"]
[Result "0-1"]
[WhiteElo "2068"]
[BlackElo "2252"]

1.d4 Nf6 2.c4 e6 3.Nc3 d5 4.cxd5 exd5 5.Bg5 c6 6.e3 Be7 7.Bd3 Nbd7 8.Nge2 O-O
9.Qc2 Re8 10.O-O Nf8 11.f3 g6 12.Bh4 Ne6 13.Bf2 Bf8 14.Rad1 Bg7 15.b4 Bd7
16.h3 a5 17.a3 axb4 18.axb4 Qe7 19.e4 dxe4 20.fxe4 Ng5 21.Bh4 h6 22.e5 Nd5
23.Nxd5 cxd5 24.Qc7 Red8 25.Rf4 Qxb4 26.Bxg5 hxg5 27.Rb1 Qd2 28.Rf3 Be6
29.Rxb7 Rdc8 {#R} 0-1

[Event "18th ch-EUR Indiv 2017"]
[Site "Minsk BLR"]
[Date "2017.06.10"]
[Round "11.4"]
[White "Fedoseev,Vl3"]
[Black "Jakovenko,D"]
[Result "1-0"]
[WhiteElo "2690"]
[BlackElo "2718"]

1.d4 Nf6 2.c4 e6 3.Nf3 d5 4.Nc3 Be7 5.Bf4 O-O 6.e3 Nbd7 7.Qc2 c5 8.cxd5 Nxd5
9.Nxd5 exd5 10.Bd3 h6 11.dxc5 Nxc5 12.O-O Bg4 13.Bf5 Bxf3 14.gxf3 Ne6 15.Bg3
Qb6 16.Rfd1 Rfd8 17.Be5 Rac8 18.Qe2 Rc6 19.f4 Nc7 20.Rd3 Bf6 21.Rb3 Qa6
22.Qxa6 bxa6 23.Rb7 Nb5 24.Rd7 Rxd7 25.Bxd7 Rc5 26.Bxf6 gxf6 27.Rd1 Nc7 28.Ba4
a5 29.Rd2 Kf8 30.Kg2 Ke7 31.Kf3 f5 32.Kg3 Rc1 33.Bb3 Ke6 34.Kh4 Rg1 35.h3 Rg2
36.Bd1 Kd6 37.Bf3 Rg6 38.Rc2 Rg1 39.Bh5 Rg7 40.Be2 Ne6 41.Bd3 d4 42.Bxf5 dxe3
43.fxe3 Nc5 44.Rd2+ Kc6 45.e4 {#r} 1-0

[Event "18th ch-EUR Indiv 2017"]
[Site "Minsk BLR"]
[Date "2017.06.10"]
[Round "11.93"]
[White "Ruck,R1"]
[Black "Mindlin,A"]
[Result "0-1"]
[WhiteElo "2557"]
[BlackElo "2436"]

1.d4 Nf6 2.c4 e6 3.Nf3 d5 4.Nc3 Be7 5.Bf4 O-O 6.e3 b6 7.Bd3 c5 8.cxd5 Nxd5
9.Nxd5 exd5 10.dxc5 bxc5 11.O-O Nc6 12.Ne5 Nxe5 13.Bxe5 Be6 14.Qc2 h6 15.Rfd1
Bf6 16.Bxf6 Qxf6 17.Qxc5 Qxb2 18.Qa5 Rfc8 19.Rab1 Qc3 20.Qa4 a5 21.Rb3 Qc5
22.Qd4 Qxd4 23.exd4 a4 24.Rb4 g5 25.Kf1 Rc3 26.Ke2 Ra3 27.Bb1 Bg4+ 28.f3 Bc8
29.Kd2 Ba6 30.Kc1 Bc4 31.Rd2 Re3 32.Bc2 a3 33.Bd1 Rc3+ 34.Rc2 Rxc2+ 35.Bxc2
Bxa2 36.Bd3 Kg7 37.Kc2 h5 38.Rb7 Ra4 39.Re7 Rxd4 40.Ra7 Bb1+ 41.Kxb1 Rxd3
42.Kc2 Re3 43.Ra5 Re2+ 44.Kd3 Rxg2 45.Rxd5 a2 46.Ra5 Kg6 47.h3 Rh2 48.Ke4 h4
49.f4 f5+ 50.Ke5 Re2+ 51.Kd5 gxf4 {#R} 0-1

[Event "CHN Team Women 2017"]
[Site "Beijing CHN"]
[Date "2017.06.09"]
[Round "4.5"]
[White "Yang,Yijing"]
[Black "Hu,Yu A."]
[Result "1-0"]
[WhiteElo "2014"]
[BlackElo "2043"]
[EventType "team"]

1.d4 Nf6 2.c4 e6 3.Nf3 d5 4.Nc3 Be7 5.Bf4 O-O 6.e3 c6 7.h3 Nbd7 8.Qc2 b6
9.cxd5 exd5 10.Be2 Bb7 11.O-O c5 12.dxc5 bxc5 13.Rfd1 Qb6 14.a4 a6 15.Rd2 Rfd8
16.a5 Qc6 17.Rad1 Qc8 18.Nh2 c4 19.Bf3 Bb4 20.Rd4 Bxc3 21.bxc3 Qc5 22.g4 h6
23.h4 Nf8 24.g5 hxg5 25.Bxg5 N8h7 26.Ng4 Qc6 27.Nxf6+ Nxf6 28.Qf5 Qe6 29.Qf4
Kh7 30.Bxf6 gxf6 31.Be4+ Kg7 32.Kf1 Kf8 33.Ke2 Rac8 34.Bf5 Qe7 35.Qh6+ Ke8
36.Qh8+ Qf8 37.Qxf8+ Kxf8 38.Bxc8 Rxc8 39.Rg4 Rb8 40.Rb1 d4 41.Ke1 dxc3
42.Rxc4 {#r} 1-0

[Event "18th ch-EUR Indiv 2017"]
[Site "Minsk BLR"]
[Date "2017.06.10"]
[Round "11.88"]
[White "Kulaots,K"]
[Black "Repka,C"]
[Result "1-0"]
[WhiteElo "2597"]
[BlackElo "2452"]

1.d4 Nf6 2.c4 e6 3.Nf3 Bb4+ 4.Nc3 d5 5.cxd5 exd5 6.Bg5 c6 7.e3 h6 8.Bh4 g5
9.Bg3 Ne4 10.Rc1 Nd7 11.Nd2 Nxg3 12.hxg3 Nf6 13.Bd3 Be6 14.a3 Bd6 15.Na4 Qe7
16.Nc5 Bg4 17.Be2 Bf5 18.g4 Bg6 19.b4 Kf8 20.Ndb3 Kg7 21.Na5 Rab8 22.Naxb7
Rxb7 23.Nxb7 Qxb7 24.Qa4 a5 25.Qxc6 Qe7 26.bxa5 Bxa3 27.O-O Bxc1 28.Rxc1 Qa3
29.a6 Qa2 30.Qb5 Ne4 31.a7 Ra8 32.Qb8 Rxa7 33.Rc8 Nf6 34.Qd6 Qa3 35.Qd8 Ng8
36.Qxg8+ Kf6 37.Qh8+ Ke6 38.Qe5+ {#r} 1-0

[Event "10th Mayors Cup Open 2017"]
[Site "Mumbai IND"]
[Date "2017.06.10"]
[Round "9.8"]
[White "Abdulla,AlR"]
[Black "Sekar,B"]
[Result "1-0"]
[WhiteElo "2503"]
[BlackElo "2247"]

1.d4 Nf6 2.c4 e6 3.Nf3 d5 4.Nc3 Bb4 5.Qb3 c5 6.dxc5 Nc6 7.Bg5 Qa5 8.Bxf6 dxc4
9.Qxc4 gxf6 10.Rc1 Qxc5 11.Qf4 Ke7 12.g3 Bxc3+ 13.bxc3 b6 14.Bg2 Bb7 15.Qc7+
{#r} 1-0

[Event "CHN Team Men 2017"]
[Site "Beijing CHN"]
[Date "2017.06.06"]
[Round "1.4"]
[White "Ma,Zhonghan"]
[Black "Ju Wenjun"]
[Result "0-1"]
[WhiteElo "2458"]
[BlackElo "2583"]
[EventType "team"]

1.d4 Nf6 2.c4 e6 3.Nf3 d5 4.Nc3 Bb4 5.Bg5 h6 6.Bxf6 Qxf6 7.e3 O-O 8.Rc1 dxc4
9.Bxc4 c5 10.O-O cxd4 11.Nxd4 Qe7 12.Be2 Nd7 13.a3 Ba5 14.b4 Bb6 15.Na4 Rd8
16.Nxb6 Nxb6 17.Qc2 e5 18.Nb3 Be6 19.Nc5 Rac8 20.Qb2 Bd5 21.e4 Bc6 22.Bg4 Rb8
23.Rfd1 Na4 24.Nxa4 Bxa4 25.Rxd8+ Rxd8 26.h3 Bc6 27.Bf3 a6 28.Qc3 Rd4 29.Qc5
Qxc5 30.Rxc5 Rd3 31.Ra5 Rc3 32.Be2 Rc1+ 33.Kh2 Rc2 34.Bd3 Rxf2 35.Rxe5 Ra2
36.b5 axb5 37.Bxb5 Rxa3 38.Bxc6 bxc6 39.Re7 c5 40.Rc7 Rc3 41.g4 Kf8 42.e5 c4
43.h4 Rc1 44.h5 c3 45.Kg2 Ke8 46.Kh2 Kd8 47.Rc5 Kd7 48.Kg2 Ke6 49.Kh2 f6
50.exf6 gxf6 51.Kg2 c2 52.Rc8 Ke5 {#R} 0-1

[Event "12th American Continental"]
[Site "Medellin COL"]
[Date "2017.06.11"]
[Round "3.11"]
[White "Vasquez Schroeder,R"]
[Black "Duran Vega,S"]
[Result "1-0"]
[WhiteElo "2553"]
[BlackElo "2408"]

1.d4 Nf6 2.c4 e6 3.Nf3 d5 4.e3 c5 5.Nc3 Nc6 6.a3 a6 7.b3 b6 8.Bb2 cxd4 9.exd4
Bb7 10.Be2 Be7 11.O-O O-O 12.Na4 dxc4 13.bxc4 Rc8 14.Rc1 Na5 15.Ne5 Nd7
16.Nxd7 Qxd7 17.d5 Qd6 18.Bd4 exd5 19.Nxb6 Rcd8 20.cxd5 Bxd5 21.Bc5 Qe6
22.Bxe7 Qxb6 23.Bxd8 Rxd8 24.Rb1 Qf6 25.Qa4 Nc6 26.Rfd1 Qe6 27.Rxd5 {#r} 1-0

[Event "CHN Team Men 2017"]
[Site "Beijing CHN"]
[Date "2017.06.11"]
[Round "6.4"]
[White "Xu,Yinglun"]
[Black "Fang,Yuxiang"]
[Result "1-0"]
[WhiteElo "2536"]
[BlackElo "2477"]
[EventType "team"]

1.d4 d5 2.c4 e6 3.Nf3 Nf6 4.Nc3 c5 5.cxd5 cxd4 6.Qxd4 exd5 7.Bg5 Be7 8.e3 Nc6
9.Bb5 O-O 10.Qa4 Bd7 11.O-O a6 12.Be2 Be6 13.Nd4 Nxd4 14.Qxd4 h6 15.Bf4 Rc8
16.Rfd1 Bc5 17.Qd3 Qe7 18.Be5 Nd7 19.Bd4 Nb6 20.Bf3 Bxd4 21.Qxd4 Qc5 22.h3
Rfd8 23.Qxc5 Rxc5 24.Rd4 Rd7 25.Rad1 Kf8 26.g4 a5 27.a3 Rc4 28.R4d3 Rc5 29.Bg2
g6 30.Kh2 Ke7 31.Kg3 Kf8 32.Bf3 Ke7 33.Rd4 Kf8 34.R1d3 Rc4 35.b3 Rc5 36.b4
axb4 37.axb4 Rc4 38.Rxc4 dxc4 39.Rxd7 Bxd7 40.Bxb7 Na4 41.Na2 Be6 42.Kf3 c3
43.Nc1 Ke7 44.e4 Kd6 45.Ke3 Nb2 46.Kd4 Nd1 47.f4 Kc7 48.Ba6 Kb6 49.Be2 c2
50.f5 Bd7 51.Bc4 Be8 52.Bb3 Nf2 53.Bxc2 Nxh3 54.Nd3 h5 55.gxh5 gxh5 56.Ne5 Bc6
57.Bd1 {#r} 1-0

[Event "18th ch-EUR Indiv 2017"]
[Site "Minsk BLR"]
[Date "2017.06.06"]
[Round "7.49"]
[White "Bosiocic,Mari"]
[Black "Baghdasaryan,V"]
[Result "0-1"]
[WhiteElo "2603"]
[BlackElo "2449"]

1.d4 d5 2.c4 c6 3.Nf3 Nf6 4.Nc3 e6 5.Bg5 dxc4 6.e4 b5 7.e5 h6 8.Bh4 g5 9.Nxg5
hxg5 10.Bxg5 Nbd7 11.exf6 Bb7 12.g3 c5 13.d5 Nxf6 14.Bg2 Be7 15.O-O Nxd5
16.Bxe7 Kxe7 17.Nxb5 Qb6 18.Na3 Rh4 19.Qd2 Rg8 20.Rfd1 Rd4 21.Qh6 Nf4 22.Qh4+
Ke8 23.Rxd4 Ne2+ 24.Kf1 Nxd4 25.Re1 Ba6 26.Qe4 f5 27.Qe5 c3+ 28.Kg1 cxb2
29.Qf6 Bd3 30.h4 f4 31.Qe5 fxg3 32.fxg3 b1=Q 33.Nxb1 Bxb1 34.h5 Bf5 35.h6 c4
36.Kh2 c3 37.Re3 Rg5 38.g4 Rxg4 39.Rg3 Rh4+ 40.Bh3 Qb2+ 41.Kh1 Qb1+ 42.Kh2
Qc2+ {#R} 0-1

[Event "12th American Continental"]
[Site "Medellin COL"]
[Date "2017.06.11"]
[Round "3.14"]
[White "Cruz,Cr"]
[Black "Ynojosa,F"]
[Result "1-0"]
[WhiteElo "2558"]
[BlackElo "2395"]

1.d4 Nf6 2.c4 e6 3.Nc3 d5 4.Nf3 c6 5.Bg5 dxc4 6.e4 b5 7.e5 h6 8.Bh4 g5 9.Nxg5
hxg5 10.Bxg5 Nbd7 11.exf6 Bb7 12.g3 c5 13.d5 Bh6 14.Bxh6 Rxh6 15.Bg2 b4 16.Ne4
Nxf6 17.Qd2 Rh5 18.Qf4 Nxe4 19.dxe6 f5 20.Rd1 Qf6 21.O-O Rh7 22.h4 c3 23.Rfe1
Qf8 24.bxc3 bxc3 25.f3 c2 26.Rd7 Rxd7 27.exd7+ Kxd7 28.fxe4 Bxe4 29.Bxe4 fxe4
30.Qxe4 Re8 31.Qb7+ Kd6 32.Qa6+ Kd5 {#r} 1-0

[Event "12th Teplice Open 2017"]
[Site "Teplice CZE"]
[Date "2017.06.11"]
[Round "2.16"]
[White "Ahlander,B"]
[Black "Valantiejus,Vaidotas"]
[Result "1-0"]
[WhiteElo "2423"]
[BlackElo "2176"]

1.d4 d5 2.c4 c6 3.Nf3 Nf6 4.Nc3 e6 5.Bg5 dxc4 6.e4 b5 7.e5 h6 8.Bh4 g5 9.Nxg5
hxg5 10.Bxg5 Nbd7 11.exf6 Bb7 12.g3 c5 13.d5 Qb6 14.Bg2 O-O-O 15.O-O b4 16.Na4
Qb5 17.a3 Nb8 18.axb4 cxb4 19.Qg4 Bxd5 20.Rfc1 Nc6 21.Bxd5 Rxd5 22.Rxc4 Kb8
23.Bf4+ Kb7 24.b3 Ne5 25.Bxe5 Rxe5 26.Rac1 Bd6 27.Qg7 Qe8 28.Nc5+ Bxc5 29.Rxc5
Rxc5 30.Rxc5 Rg8 31.Qh7 Kb6 32.Rc4 a5 33.Qd3 {#r} 1-0

[Event "12th American Continental"]
[Site "Medellin COL"]
[Date "2017.06.11"]
[Round "2.20"]
[White "Brizuela Abreu,Reivis Gabriel"]
[Black "Kaidanov,G"]
[Result "0-1"]
[WhiteElo "2219"]
[BlackElo "2550"]

1.d4 d5 2.c4 e6 3.Nf3 Nf6 4.Nc3 c6 5.e3 Nbd7 6.Qc2 Bd6 7.Be2 O-O 8.b3 b6 9.Bb2
Bb7 10.O-O Re8 11.Rfd1 Qe7 12.e4 Nxe4 13.Nxe4 dxe4 14.Qxe4 Nf8 15.Ne5 c5
16.Qe3 f6 17.Nf3 Rad8 18.Qc3 Ng6 19.g3 e5 20.dxc5 bxc5 21.Ne1 e4 22.f4 e3
23.Qc2 Bxf4 24.gxf4 Rd2 25.Rxd2 exd2 26.Qxd2 Qxe2 27.Qxe2 Rxe2 28.Ba3 Nxf4
29.Bxc5 a6 30.Bd6 Nh3+ {#R} 0-1

[Event "12th American Continental"]
[Site "Medellin COL"]
[Date "2017.06.11"]
[Round "2.30"]
[White "Quintiliano Pinto,R"]
[Black "Zapata Arbelaes,E"]
[Result "1-0"]
[WhiteElo "2483"]
[BlackElo "2202"]

1.d4 d5 2.c4 c6 3.Nc3 Nf6 4.e3 e6 5.Nf3 Nbd7 6.Qc2 Bd6 7.b3 O-O 8.Be2 e5
9.cxd5 cxd5 10.Nb5 Bb4+ 11.Bd2 Bxd2+ 12.Nxd2 a6 13.dxe5 Nxe5 14.Nd4 Be6 15.O-O
Rc8 16.Qb2 Nc6 17.Nxc6 Rxc6 18.Rfc1 Qb6 19.Nf3 Rfc8 20.Nd4 Rc5 21.f3 Qc7
22.Rxc5 Qxc5 23.b4 Qc3 24.Qxc3 Rxc3 25.Kf2 Nd7 26.Ke1 Ne5 27.Kd2 Rc8 28.Rc1
Rxc1 29.Kxc1 Bd7 30.Nb3 Kf8 31.Nc5 Bc8 32.Kd2 Ke7 33.Kc3 Kd6 34.f4 Nc6 35.Nb3
b6 36.Nd4 Nxd4 37.Kxd4 g6 38.g4 a5 39.bxa5 bxa5 40.g5 Bb7 41.Bf3 Bc6 42.Bd1
Bd7 43.Bb3 Be6 44.h4 Kc6 45.Ba4+ Kd6 46.Bb3 Kc6 47.e4 dxe4 48.Bxe6 fxe6
49.Kxe4 Kc5 50.Ke5 a4 51.Kxe6 a3 52.h5 Kd4 53.hxg6 hxg6 54.f5 Kc3 55.fxg6 Kb2
56.g7 Kxa2 57.g8=Q {#r} 1-0

[Event "39th Nezhmetdinov Mem"]
[Site "Kazan RUS"]
[Date "2017.06.08"]
[Round "9.3"]
[White "Smirnov,P"]
[Black "Tsydypov,Z"]
[Result "0-1"]
[WhiteElo "2589"]
[BlackElo "2511"]

1.d4 d5 2.c4 e6 3.Nf3 Nf6 4.Nc3 c6 5.e3 Nbd7 6.Qc2 Bd6 7.Bd3 O-O 8.O-O dxc4
9.Bxc4 b5 10.Be2 Bb7 11.e4 e5 12.dxe5 Nxe5 13.Nd4 Neg4 14.g3 Re8 15.Nf5 Bc5
16.Bf4 Qb6 17.Kg2 g6 18.h3 Ne5 19.Bg5 Ned7 20.Nh6+ Kg7 21.Qb3 Re6 22.Ng4 Bd4
23.Bh6+ Kg8 24.f3 a6 25.a4 Rae8 26.Rad1 Nxg4 27.hxg4 Nf6 28.Rd2 Bc8 29.Rfd1
Be5 30.Bf1 Qc7 31.Ne2 c5 32.axb5 axb5 33.Nf4 Rb6 34.Qe3 Bxg4 35.Nd5 Nxd5
36.Rxd5 Bc8 37.Qxc5 Qxc5 38.Rxc5 Bg7 39.Bxg7 Kxg7 40.Rxb5 Rc6 41.Rd2 Rc1
42.Rb6 Be6 43.Kf2 h5 44.b4 g5 45.f4 h4 46.gxh4 gxf4 47.h5 Kf6 48.Bg2 Rg8
49.Kf3 Rc3+ 50.Kf2 Rg5 51.Rbd6 Rb3 52.Bf3 Rg3 53.R6d3 Rxb4 54.Rd4 Rb3 55.R4d3
Rb5 56.Rd1 Rh3 57.e5+ Kxe5 58.Re1+ Kf6 59.Rd4 Rh2+ 60.Kg1 Rh4 61.Ree4 Kg5
62.Rd2 Rb1+ 63.Rd1 Rb3 64.Rf1 Bh3 65.Rf2 Rb1+ 66.Kh2 Bf1+ 67.Kg1 Bd3+ 68.Kg2
Rhh1 {#R} 0-1

[Event "18th ch-EUR Indiv 2017"]
[Site "Minsk BLR"]
[Date "2017.06.10"]
[Round "11.82"]
[White "Sanikidze,T"]
[Black "Davtyan,Artur"]
[Result "1-0"]
[WhiteElo "2518"]
[BlackElo "2216"]

1.d4 d5 2.c4 e6 3.Nf3 Nf6 4.Nc3 Be7 5.Bg5 h6 6.Bxf6 Bxf6 7.e3 O-O 8.Qd2 c6
9.O-O-O Nd7 10.h4 e5 11.cxd5 exd4 12.Nxd4 Ne5 13.dxc6 bxc6 14.Qc2 Qe7 15.Qe4
Rb8 16.f4 Qb4 17.Rd2 Ng4 18.Nxc6 Qxe4 19.Nxe4 Rb6 20.Nxf6+ gxf6 21.Ne7+ Kh8
22.Nxc8 Rxc8+ 23.Kb1 Nxe3 24.Be2 f5 25.Rg1 Kg7 26.g3 Rbc6 27.Rd3 Nc4 28.Rd7
Nxb2 29.Bh5 Na4 30.Rxf7+ Kh8 31.Rxa7 Nc3+ 32.Ka1 Rb6 33.Ra3 Ne4 34.Bf3 Nd2
35.Ra8 Rxa8 36.Bxa8 Nc4 37.Bd5 Ne3 38.Bb3 Rd6 39.Kb2 Rd3 40.a4 Kg7 41.a5 Rd8
42.a6 {#r} 1-0

[Event "CHN Team Men 2017"]
[Site "Beijing CHN"]
[Date "2017.06.06"]
[Round "1.3"]
[White "Lan,Zilun"]
[Black "Ma Qun"]
[Result "0-1"]
[WhiteElo "2354"]
[BlackElo "2637"]
[EventType "team"]

1.d4 Nf6 2.c4 e6 3.Nf3 d5 4.Nc3 Be7 5.Bg5 O-O 6.e3 h6 7.Bxf6 Bxf6 8.cxd5 exd5
9.Bd3 c6 10.h3 a5 11.O-O Nd7 12.a3 Re8 13.b4 b5 14.Qc2 Nb6 15.Nd2 axb4 16.axb4
Rxa1 17.Rxa1 Qd6 18.Na2 Nc4 19.Bxc4 bxc4 20.Qa4 Bd7 21.Rc1 Rb8 22.Nb1 g5
23.Nbc3 h5 24.Qd1 g4 25.e4 Bg5 26.Rb1 Qg6 27.exd5 cxd5 28.Nxd5 Ba4 29.Qe1 gxh3
30.Nac3 Re8 31.Qf1 hxg2 32.Qxg2 Bc6 33.f4 Bh4 34.b5 Bb7 35.Qxg6+ fxg6 36.b6
Kf7 37.Rb4 Re1+ 38.Kh2 Ke6 39.Nc7+ Kf5 40.d5 Kg4 41.Rxc4 Bg3+ 42.Kg2 h4 43.f5+
Kxf5 44.N7b5 g5 45.Nd4+ Kg6 46.Nc6 Rc1 47.Na5 Rc2+ 48.Kf3 Ba6 49.Rc6+ Kf5
50.Ne4 g4+ 51.Ke3 Bf4+ 52.Kd4 Be5+ {#R} 0-1

[Event "18th ch-EUR Indiv 2017"]
[Site "Minsk BLR"]
[Date "2017.06.06"]
[Round "7.83"]
[White "Pavlov,S2"]
[Black "Pavlidis,Ant"]
[Result "1-0"]
[WhiteElo "2432"]
[BlackElo "2539"]

1.c4 g6 2.Nf3 Nf6 3.g3 Bg7 4.Bg2 O-O 5.d4 d5 6.cxd5 Nxd5 7.O-O Nc6 8.Nc3 Nxc3
9.bxc3 e5 10.d5 Na5 11.Nd2 Re8 12.Bb2 b6 13.c4 Nb7 14.Rc1 a5 15.Ne4 f5 16.Nc3
e4 17.Qc2 Bd7 18.f3 exf3 19.exf3 Qe7 20.Kh1 Qb4 21.Nd1 Ba4 22.Qf2 Bxd1 23.Bxg7
Kxg7 24.Rfxd1 Qc5 25.Qb2+ Kg8 26.g4 f4 27.g5 Qe3 28.Rd4 Re5 29.Rf1 Rae8 30.Bh3
Nc5 31.d6 Nd3 32.Rxd3 Qxd3 33.d7 R8e7 34.c5 Re1 35.Qb3+ Qxb3 36.d8=Q+ Re8
37.Qxe8+ Rxe8 38.axb3 Re3 39.cxb6 cxb6 40.Kg2 Re5 41.Rc1 Rxg5+ 42.Kf2 Rh5
43.Be6+ Kf8 44.h3 Re5 45.Rc8+ Ke7 46.Bg8 Rb5 47.Rc7+ Kd6 48.Rxh7 g5 49.Rh6+
Ke5 50.h4 a4 51.bxa4 Rb2+ 52.Kf1 gxh4 53.Rxh4 Rb4 54.Rh5+ Kd4 55.Rb5 Rxa4
56.Rxb6 Ra8 57.Be6 Re8 58.Bg4 Ke5 59.Rb4 Rf8 60.Re4+ Kd5 61.Ke2 Rf6 62.Kd3 Rf8
63.Ra4 Ke5 64.Ra5+ {#r} 1-0

[Event "12th American Continental"]
[Site "Medellin COL"]
[Date "2017.06.11"]
[Round "2.6"]
[White "Cori,J"]
[Black "Guerrero,JuC"]
[Result "1-0"]
[WhiteElo "2618"]
[BlackElo "2303"]

1.d4 Nf6 2.c4 g6 3.g3 Bg7 4.Bg2 d5 5.cxd5 Nxd5 6.Nf3 Nb6 7.Nc3 Nc6 8.e3 O-O
9.O-O Re8 10.Re1 a5 11.Qe2 Be6 12.Nd2 Nb4 13.Rd1 c6 14.a3 N4d5 15.Nce4 Bf5
16.Nc5 e5 17.e4 exd4 18.Ndb3 a4 19.Nxd4 Bxd4 20.Rxd4 Nf4 21.Bxf4 Qxd4 22.Be3
Qc4 23.Qd2 Red8 24.Qe1 Bc8 25.Rd1 Bg4 26.f3 Qc2 27.Rc1 Qxb2 28.fxg4 Qxa3 29.e5
Nd5 30.Bg5 Qb2 31.e6 f6 32.e7 fxg5 33.Bxd5+ cxd5 34.exd8=Q+ Rxd8 35.Qe6+ Kh8
36.Rf1 a3 37.Qe7 Rg8 38.Rf7 {#r} 1-0

[Event "12th American Continental"]
[Site "Medellin COL"]
[Date "2017.06.11"]
[Round "3.10"]
[White "Valderrama Quiceno,Esteban Alb"]
[Black "Fier,A"]
[Result "0-1"]
[WhiteElo "2413"]
[BlackElo "2576"]

1.Nf3 Nf6 2.g3 d5 3.Bg2 g6 4.O-O Bg7 5.c4 O-O 6.d4 dxc4 7.Na3 c3 8.bxc3 c5
9.e3 Nc6 10.Bb2 Qb6 11.Qe2 Bf5 12.Rfd1 Rfd8 13.h3 Rac8 14.Ne1 Be4 15.Bf1 Na5
16.c4 e6 17.dxc5 Qxc5 18.Rxd8+ Rxd8 19.Rd1 Rc8 20.Nd3 Qe7 21.Ne5 a6 22.Qd2 Nc6
23.Nc2 Nxe5 24.Bxe5 Bf3 25.Bxf6 Qxf6 26.Re1 Be4 27.Bg2 Bxg2 28.Kxg2 Rxc4
29.Rb1 Qf5 30.Na3 Rc3 31.Rb3 Rxb3 32.axb3 Qd5+ 33.Qxd5 exd5 34.Nc2 a5 {#R} 0-1

[Event "9th Capo d'Orso Open 2017"]
[Site "Porto Mannu Palau ITA"]
[Date "2017.06.06"]
[Round "5.5"]
[White "Sonis,Francesco"]
[Black "Beccaris,G"]
[Result "1-0"]
[WhiteElo "2450"]
[BlackElo "2025"]

1.Nf3 g6 2.d4 Nf6 3.g3 Bg7 4.Bg2 O-O 5.O-O d5 6.c4 e6 7.Nc3 b6 8.b3 Bb7 9.Bb2
Nbd7 10.Rc1 Rc8 11.cxd5 Nxd5 12.Nb5 Ne7 13.Ne5 Bxg2 14.Kxg2 Nxe5 15.dxe5 c5
16.Rc2 Qxd1 17.Rxd1 Nc6 18.f4 Rfd8 19.Rcd2 a6 20.Nc3 Rxd2 21.Rxd2 Rd8 22.Rxd8+
Nxd8 23.Na4 c4 24.bxc4 b5 25.cxb5 axb5 26.Nc3 b4 27.Ne4 Nc6 28.Kf3 Na5 29.Nd2
Bf8 30.Ke4 h6 31.Nb3 Nc4 32.Bd4 Kg7 33.Kd3 Na3 34.Bc5 Bxc5 35.Nxc5 Nb5 36.Na6
{#r} 1-0

[Event "12th Teplice Open 2017"]
[Site "Teplice CZE"]
[Date "2017.06.12"]
[Round "3.4"]
[White "Turov,M"]
[Black "Soysal,Serkan"]
[Result "1-0"]
[WhiteElo "2595"]
[BlackElo "2370"]

1.Nf3 d5 2.g3 g6 3.Bg2 Bg7 4.O-O Nf6 5.d4 O-O 6.c4 c6 7.Qb3 Qb6 8.Nc3 Rd8 9.h3
Be6 10.c5 Qxb3 11.axb3 Na6 12.Bf4 Ne8 13.g4 Nac7 14.e3 a6 15.Na4 Nb5 16.Nb6
Ra7 17.Be5 Nf6 18.Bh2 Nd7 19.Na4 f6 20.Rfc1 Raa8 21.Bf1 Rac8 22.Bxb5 cxb5
23.Nb6 Rc6 24.Ne1 Nxb6 25.cxb6 Rxc1 26.Rxc1 Rc8 27.Bc7 Bf8 28.Nd3 Re8 29.Nb4
Ra8 30.Bg3 a5 31.Nd3 Rc8 32.Nc5 Rc6 33.Ra1 Rxb6 34.Rxa5 Bc8 35.b4 Kf7 36.Kg2
g5 37.Bb8 Rc6 38.Rxb5 b6 39.Na4 Ba6 40.Rxb6 Rxb6 41.Nxb6 e6 42.f4 gxf4 43.exf4
Bxb4 44.Kf3 Ke7 45.Na4 Bb5 46.Nc5 Be1 47.Ke3 Bf1 48.Nd3 Ba5 49.h4 Bh3 50.b4
Bb6 51.Nf2 Bg2 52.g5 fxg5 53.fxg5 Bf1 54.h5 Kf7 55.Bd6 Bd8 56.Kf4 Be2 57.Ng4
Kg8 58.Nh6+ Kg7 59.Be5+ {#r} 1-0

[Event "CHN Team Men 2017"]
[Site "Beijing CHN"]
[Date "2017.06.08"]
[Round "3.2"]
[White "Bai,Jinshi"]
[Black "Lou Yiping"]
[Result "0-1"]
[WhiteElo "2573"]
[BlackElo "2468"]
[EventType "team"]

1.d4 Nf6 2.c4 g6 3.g3 c6 4.Nf3 d5 5.Bg2 Bg7 6.Qb3 O-O 7.O-O Qb6 8.Nc3 Bf5 9.h3
h6 10.Ne5 Be6 11.Qd1 dxc4 12.Na4 Qd8 13.Nc5 Qc8 14.Kh2 Rd8 15.f4 a5 16.e4 Na6
17.Nxe6 Qxe6 18.Be3 Nc7 19.Qc1 Nd7 20.f5 gxf5 21.exf5 Qd6 22.Nxc4 Qf6 23.Nd2
Bf8 24.Rf4 Qh8 25.Rh4 Nd5 26.Bf2 N7f6 27.Nf3 Qh7 28.g4 Ne4 29.Be1 Qg7 30.Ne5
Ndf6 31.Nf3 Nd5 32.a4 Ng5 33.Ne5 e6 34.Bg3 Bd6 35.fxe6 fxe6 36.Qe1 Rf8 37.Rd1
Nf4 38.Bh1 Rad8 39.Nc4 Bc7 40.Qe3 c5 41.Re1 Rxd4 42.Qc3 Rxc4 43.Qxc4 Qxb2+
44.Re2 Qxe2+ {#R} 0-1

[Event "18th ch-EUR Indiv 2017"]
[Site "Minsk BLR"]
[Date "2017.06.10"]
[Round "11.83"]
[White "Karttunen,M"]
[Black "Korobov,A"]
[Result "0-1"]
[WhiteElo "2465"]
[BlackElo "2688"]

1.d4 d5 2.Nf3 Nf6 3.g3 g6 4.c4 c6 5.cxd5 cxd5 6.Bg2 Bg7 7.O-O O-O 8.Nc3 b6
9.Ne5 Bb7 10.Qa4 e6 11.Bf4 a6 12.Rac1 b5 13.Qb3 Nc6 14.Nxc6 Bxc6 15.Qa3 a5
16.Na4 b4 17.Qb3 Bb5 18.Bc7 Qe7 19.Rc5 Bxe2 20.Re1 Nd7 21.Rxa5 Bc4 22.Qd1 Rxa5
23.Bxa5 Ra8 24.Bc7 Bb5 25.b3 Ra7 26.Bf4 Bxa4 27.bxa4 Nb6 28.Qd3 Qd7 29.a3 Rxa4
30.axb4 Rxb4 31.Be3 Nc4 32.Rb1 Qb7 33.Rxb4 Qxb4 34.Bf1 h5 35.Kg2 Nd6 36.Qa6
Nf5 37.Qc8+ Bf8 38.Bg5 Qxd4 39.Ba6 Kg7 40.Qc2 Be7 41.Bc1 Bf6 42.Bd3 h4 43.Qe2
Qa4 44.g4 Nd4 45.Qd2 Nb3 46.Qd1 Qa1 47.Qxb3 Qxc1 48.Be2 Bd4 49.Qf3 Qe1 50.h3
e5 51.Bb5 Qd2 52.Qe2 Qb4 53.Bc6 Qd6 54.Ba8 e4 55.Qa2 Qf4 56.Qe2 Be5 57.Qe3
Qh2+ 58.Kf1 Qh1+ 59.Ke2 Qb1 60.f4 exf3+ 61.Kxf3 Qf1+ 62.Qf2 Qxh3+ 63.Ke2 Qxg4+
{#R} 0-1

[Event "18th ch-EUR Indiv 2017"]
[Site "Minsk BLR"]
[Date "2017.06.06"]
[Round "7.35"]
[White "Aleksandrov,A"]
[Black "Sjugirov,S"]
[Result "1-0"]
[WhiteElo "2559"]
[BlackElo "2654"]

1.d4 Nf6 2.c4 g6 3.Nc3 d5 4.e3 Bg7 5.cxd5 Nxd5 6.Nxd5 Qxd5 7.Ne2 O-O 8.Nc3 Qd6
9.Be2 Na6 10.O-O c5 11.Nb5 Qb6 12.a4 cxd4 13.a5 Qd8 14.Nxd4 e5 15.Nb5 e4
16.Qa4 Nc5 17.Qa3 Nd3 18.Nd6 Nxc1 19.Rfxc1 Bxb2 20.Qxb2 Qxd6 21.Ra4 Qe7
22.Rac4 Be6 23.Rxe4 Qd8 24.h4 Qxa5 25.h5 Rac8 26.Rxc8 Rxc8 27.h6 Qc3 28.Qxb7
Qa1+ 29.Kh2 Rf8 30.Qe7 Qb2 31.Kg3 Qb8+ 32.f4 Qb2 33.Re5 Qxe2 34.Qf6 {#r} 1-0

[Event "18th ch-EUR Indiv 2017"]
[Site "Minsk BLR"]
[Date "2017.06.10"]
[Round "11.23"]
[White "Berkes,F"]
[Black "Tomczak,J"]
[Result "1-0"]
[WhiteElo "2654"]
[BlackElo "2615"]

1.d4 Nf6 2.c4 g6 3.Nc3 d5 4.e3 Bg7 5.cxd5 Nxd5 6.Nxd5 Qxd5 7.Ne2 O-O 8.Nc3 Qd6
9.Be2 c6 10.O-O Rd8 11.Qc2 e5 12.dxe5 Qxe5 13.e4 Qe7 14.Be3 Be6 15.Rad1 Nd7
16.b3 b5 17.Nb1 Rdc8 18.Nd2 a6 19.Nf3 c5 20.Ng5 Bd4 21.Bxd4 cxd4 22.Qd2 Nc5
23.h4 Rd8 24.h5 Rac8 25.hxg6 hxg6 26.Rfe1 f6 27.Nxe6 Nxe6 28.Bg4 Kg7 29.Qb2 d3
30.Rd2 Rc6 31.Re3 Nc5 32.e5 f5 33.Bxf5 gxf5 34.e6+ Kg6 35.Rg3+ Kh6 36.Rh3+ Kg6
37.Rg3+ Kh6 38.Qe5 Nxe6 39.Qxf5 Ng5 40.f4 Rc5 41.fxg5+ Kg7 42.Qf6+ Qxf6
43.gxf6+ Kxf6 44.Rgxd3 Rc1+ 45.Kh2 Rxd3 46.Rxd3 Ke5 47.Re3+ Kf5 48.Rf3+ Kg5
49.Kg3 Rc2 50.a3 a5 51.Rd3 a4 52.b4 Rc4 53.Kf3 Rf4+ 54.Ke3 Rg4 55.g3 Rc4
56.Rd5+ Kf6 57.Rxb5 Rc3+ 58.Kd4 Rxg3 59.Ra5 Rxa3 60.Kc5 Ke6 61.b5 Rc3+ 62.Kb6
a3 63.Ka7 Rb3 64.b6 Kd6 65.b7 Kc7 66.Rc5+ Kd6 67.Rc1 Kd5 68.b8=Q {#r} 1-0

[Event "39th Nezhmetdinov Mem"]
[Site "Kazan RUS"]
[Date "2017.06.06"]
[Round "7.5"]
[White "Anikonov,Dmitry"]
[Black "Timofeev,Arty"]
[Result "0-1"]
[WhiteElo "2388"]
[BlackElo "2555"]

1.d4 Nf6 2.c4 g6 3.Nc3 d5 4.Bg5 c5 5.Bxf6 exf6 6.cxd5 Qb6 7.Nf3 Qxb2 8.Rc1
cxd4 9.Nxd4 Bb4 10.Nb5 a6 11.a3 Ba5 12.Nd6+ Ke7 13.Ne4 Bf5 14.Qd2 Qxa3 15.d6+
Kd8 16.Nxf6 Nd7 17.Nfd5 Rc8 18.Nc7 Re8 19.g4 Re6 20.gxf5 Rxd6 {#R} 0-1